| 000 | 02038nam a2200481 i 4500 | ||
|---|---|---|---|
| 001 | DIGANT0535 | ||
| 003 | NyNyDIG | ||
| 006 | m o d | ||
| 007 | cr ||||||||||| | ||
| 008 | 210114s2007 sp ob 000 0 spa d | ||
| 035 | _a(OCoLC)1233020911 | ||
| 040 |
_aDGITA _beng _erda _epn _cDGITA |
||
| 020 | _z9788476588161 | ||
| 041 | 1 |
_aspa _hfre |
|
| 050 | 1 | 4 | _aJQ3949.A15 ebook |
| 100 | 1 |
_aHammoudi, Abdellah, _eauthor. |
|
| 240 | 1 | 0 |
_aMaître et disciples. _lSpanish _s(Lévy) |
| 245 | 1 | 0 |
_aMaestro y discípulo : _bfundamentos culturales del autoritarismo en las sociedades árabes / _cAbdellah Hammoudi ; traducción de Patrick Lévy. |
| 264 | 1 |
_aRubí, Barcelona : _bEditorial Anthropos, _c[2007] |
|
| 300 | _a1 online resource. | ||
| 336 |
_atext _btxt _2rdacontent |
||
| 337 |
_acomputer _bc _2rdamedia |
||
| 338 |
_aonline resource _bcr _2rdacarrier |
||
| 347 |
_atext file _2rdaft |
||
| 347 | _bPDF | ||
| 490 | 1 |
_aPensamiento crítico/pensamiento utópico ; _v161. _aViento plural |
|
| 504 | _aIncludes bibliographical references. | ||
| 588 | 0 | _aOnline resource; title from PDF title page (Digitalia, viewed January 15, 2021) | |
| 650 | 0 |
_aPolitical culture _zMorocco. |
|
| 650 | 0 |
_aAuthoritarinism _zMorocco. |
|
| 650 | 0 | _aIslam and politics. | |
| 655 | 0 | _aElectronic books. | |
| 700 | 1 |
_aLévy, Patrick, _d1951- _etranslator. |
|
| 700 | 1 |
_iTranslation of (work): _aHammoudi, Abdellah. _tMaître et disciples. |
|
| 791 | 2 |
_aDigitalia (Firm), _edistributor. |
|
| 793 | 0 |
_gDigitalia eBook Collection: _aAnthropos |
|
| 776 | 0 | 8 |
_iPrint version: _aHammoudi, Abdellah. _sMaître et disciples. Spanish (Lévy). _tMaestro y discípulo. _bPrimera edición. _dRubí, Barcelona : Editorial Anthropos, [2007] _z9788476588161 _w(OCoLC)707345284 |
| 830 | 0 |
_aPensamiento crítico/pensamiento utópico : _v161. |
|
| 830 | 0 |
_aPensamiento crítico/pensamiento utópico. _pViento plural. |
|
| 856 | 4 | 0 |
_3Digitalia Hispánica _uhttps://www.digitaliapublishing.com/a/66539/ |
| 910 | _aPremium collection: 2021 | ||
| 942 | _cRAA | ||
| 999 |
_c261668 _d261668 |
||